000 00964nam a22003377a 4500
001 BR2012008312
003 BR-BrBNA
005 20230928104103.0
007 ta
008 230509b bl.||||| |||| 00| 0 por d
040 _aBR-BrBNA
_bpor
_cBiblioteca Nacional de Agricultura
041 _a(Por)
072 _aN10
_b4440
090 _ 4440 BR2012008312
100 1 _aSilva, J. de A.
110 1 _aUniversidade Federal de Lavras, MG (Brasil)
_0Tese (Mestrado)
245 1 _aModelagem CFD de explosões de pós em silos
260 3 _aLavras, MG (Brasil):
_c2012.
300 _a121 p.
500 _aSummaries (Eng, Por); Several bibliography; 25 illus.; 8 tables
650 _aSILO
650 _aINDÚSTRIA AGRÍCOLA
650 _aMINERAÇÃO
650 _a
650 _aPOLUIÇÃO AMBIENTAL
650 _aCOMPUTAÇÃO
650 _aFLUIDODINÂMICA
650 _aMODELO MATEMÁTICO
909 _a202309
_bLucia
_c55
_dLucia Elande
942 _cBK
999 _c78050
_d78050